Grossstadt - Grundschule : Eine Fallstudie ueber sprachliche und kulturelle Pluralitaet als Bedingung der Grundschularbeit

Αποθηκεύτηκε σε:
Λεπτομέρειες βιβλιογραφικής εγγραφής
Άλλοι συγγραφείς: Gogolin, Ingrid (Επιμελητής έκδοσης), Neumann, Ursula (Επιμελητής έκδοσης)
Μορφή: Βιβλίο
Γλώσσα:German
Δημοσίευση: Munchen ; Berlin : Waxmann Munster, 1997
Σειρά:Interkulturelle Bildungsforschung ; ; 1
Θέματα:
Ετικέτες: Προσθήκη ετικέτας
Δεν υπάρχουν, Καταχωρήστε ετικέτα πρώτοι!

MARC

LEADER 00000nam a2200000 i 4500
001 1/8988
008 000731s1997 ger d
020 |a 3-89325-474-9 
035 |l 10062886 
040 |a GR-MY-UA  |b gre  |e aacr 
041 0 |a ger 
082 0 |a 372.2410943 
245 1 0 |a Grossstadt - Grundschule :  |b Eine Fallstudie ueber sprachliche und kulturelle Pluralitaet als Bedingung der Grundschularbeit /  |c Ingrid Gogolin, Ursula Neumann (Hrsg.) 
260 |a Munchen ; Berlin :   |b Waxmann Munster,   |c 1997 
300 |a 380 p.;  |c 21 cm 
490 1 |a Interkulturelle Bildungsforschung  |v ; 1 
650 0 0 |a Education, Primary  |z Germany. 
700 1 |a Gogolin, Ingrid.  |4 edt 
700 1 |a Neumann, Ursula.  |4 edt 
830 0 |a Interkulturelle Bildungsforschung ;  |v ; 1 
852 |a INST  |b RHODES  |e 20000731  |h 372.2410943 GRO  |p 005400013884  |q 005400013884  |t BK  |y 0 
901 |a BIBL4-2000-2 
909 |a Ρ  |b 069283 
922 |a 4ΕΛΗ  |b 199910  |c ΚΠΣ/154  |d LEADER BOOKS 
970 |z 2000/08/ΧΡΥΣΑΝΘΗ